Every NCAA Team Ranked In AP Poll History - Statistics

General Stats
  • This quiz has been taken 40 times
  • The average score is 99 of 156
Answer Stats
Peak AP Poll Ranking Date Last Reached Answer % Correct
1 Sept. 29, 2024 Alabama
97%
1 Nov. 29, 2009 Florida
97%
1 2023 Final Michigan
97%
1 Sept. 8, 2024 Georgia
94%
1 Oct. 10, 1966 Michigan State
94%
1 Oct. 13, 2024 Texas
94%
1 2010 Final Auburn
91%
1 Nov. 23, 2014 Florida State
91%
2 1990 Final Georgia Tech
91%
3 Nov. 20, 1950 Kentucky
91%
15 Dec. 2, 1968 Ohio
91%
1 2024 Final Ohio State
91%
1 2012 Preseason USC
91%
2 Nov. 1, 2015 Baylor
89%
2 Nov. 18, 2007 Kansas
89%
1 Oct. 11, 1948 North Carolina
89%
2 Oct. 9, 1944 North Carolina Pre-Flight
89%
1 Dec. 2, 2012 Notre Dame
89%
1 1998 Final Tennessee
89%
1 Nov. 11, 1957 Texas A&M
89%
2 Nov. 16, 2008 Texas Tech
89%
1 Oct. 25, 1988 UCLA
89%
1 Oct. 30, 1990 Virginia
89%
1 1984 Final BYU
86%
2 1941 Final Duke
86%
2 Nov. 11, 2012 Kansas State
86%
1 Sept. 18, 2011 Oklahoma
86%
1 Dec. 8, 2024 Oregon
86%
3 Sept. 26, 1983 Arizona
83%
2 Dec. 9, 1996 Arizona State
83%
1 Oct. 20, 1958 Army
83%
1 Oct. 15, 1951 California
83%
1 1990 Final Colorado
83%
14 Oct. 29, 1956 George Washington
83%
17 Nov. 10, 1941 Harvard
83%
4 1967 Final Indiana
83%
1 Oct. 29, 1985 Iowa
83%
2 1943 Final Iowa Pre-Flight
83%
1 2019 Final LSU
83%
1 Nov. 9, 2014 Mississippi State
83%
2 1963 Final Navy
83%
1 Oct. 22, 2000 Nebraska
83%
2 Nov. 13, 2011 Oklahoma State
83%
1 1964 Preseason Ole Miss
83%
1 Oct. 13, 1997 Penn State
83%
13 Nov. 3, 1975 San Diego State
83%
2 Nov. 13, 1984 South Carolina
83%
2 Oct. 29, 2000 Virginia Tech
83%
1 Nov. 3, 1992 Washington
83%
1 Oct. 6, 1952 Wisconsin
83%
1 Oct. 18, 1965 Arkansas
80%
2 Oct. 31, 2010 Boise State
80%
1 Nov. 2, 2020 Clemson
80%
7 2021 Preseason Iowa State
80%
3 Nov. 13, 2016 Louisville
80%
4 2000 Final Oregon State
80%
6 2017 Final UCF
80%
3 Nov. 17, 2002 Washington State
80%
2 Nov. 25, 2007 West Virginia
80%
4 Nov. 12, 1985 Air Force
77%
1 Nov. 23, 1942 Boston College
77%
2 Oct. 5, 1964 Illinois
77%
15 Dec. 8, 2019 Memphis
77%
1 1960 Final Minnesota
77%
3 Nov. 6, 1967 NC State
77%
1 Oct. 7, 1968 Purdue
77%
7 Nov. 12, 2006 Rutgers
77%
15 Oct. 23, 1944 Second Air Force
77%
1 1938 Final TCU
77%
2 2008 Final Utah
77%
7 Oct. 25, 1937 Vanderbilt
77%
12 Dec. 4, 2016 Western Michigan
77%
5 Oct. 25, 1937 Yale
77%
2 Oct. 2, 1967 Houston
74%
1 Nov. 25, 2007 Missouri
74%
14 Nov. 14, 1960 New Mexico State
74%
1 Nov. 5, 1962 Northwestern
74%
2 1940 Final Stanford
74%
4 1942 Final Tulsa
74%
10 1999 Final Marshall
71%
1 Nov. 1, 1982 Pittsburgh
71%
4 Nov. 5, 1951 Princeton
71%
1 Oct. 3, 1960 Syracuse
71%
4 Oct. 10, 1949 Tulane
71%
23 2009 Final Central Michigan
69%
1 Oct. 31, 1955 Maryland
69%
10 2003 Final Miami (OH)
69%
16 Nov. 9, 1959 North Texas
69%
13 Oct. 27, 1941 Temple
69%
23 Nov. 7, 2004 UTEP
69%
6 1967 Final Wyoming
69%
2 Nov. 7, 2021 Cincinnati
66%
1 Nov. 4, 1940 Cornell
66%
12 Oct. 19, 2003 Northern Illinois
66%
10 Oct. 23, 2022 Wake Forest
66%
24 2015 Final Western Kentucky
66%
4 Oct. 17, 1938 Dartmouth
63%
14 Oct. 25, 1943 Louisiana
63%
1 Dec. 8, 2002 Miami (FL)
63%
10 Oct. 25, 1948 Nevada
63%
5 1949 Final Rice
63%
1 Oct. 30, 1950 SMU
63%
12 1970 Final Toledo
63%
19 Dec. 1, 2024 UNLV
63%
23 Dec. 13, 2020 Buffalo
60%
9 Dec. 20, 2020 Coastal Carolina
60%
19 2022 Final Troy
60%
15 Nov. 21, 2021 UTSA
60%
15 Nov. 2, 2003 Bowling Green
57%
2 Oct. 14, 2007 South Florida
57%
10 Nov. 5, 1945 Columbia
54%
9 1991 Final East Carolina
54%
8 Oct. 14, 2001 Fresno State
54%
18 Nov. 12, 2023 James Madison
54%
18 Nov. 25, 2012 Kent State
54%
19 Nov. 4, 2012 Louisiana Tech
54%
12 Nov. 30, 2008 Ball State
51%
10 Dec. 6, 1994 Colorado State
51%
16 Nov. 4, 2007 Connecticut
51%
10 Dec. 2, 2007 Hawaii
51%
18 Dec. 4, 1939 San Jose State
51%
19 2019 Final Appalachian State
49%
10 1961 Final Utah State
49%
17 2020 Final Liberty
46%
6 1937 Final Villanova
46%
3 Nov. 10, 1947 Pennsylvania
34%
9 Nov. 25, 1940 Georgetown
31%
18 Nov. 25, 1940 Lafayette
31%
12 Nov. 10, 1947 William & Mary
31%
9 1938 Final Holy Cross
26%
20 Oct. 22, 1973 Richmond
26%
15 Nov. 7, 1949 Boston University
23%
5 Nov. 24, 1941 Duquesne
23%
3 Nov. 3, 1941 Fordham
23%
19 Nov. 6, 1950 Lehigh
23%
4 Nov. 2, 1936 Marquette
23%
17 Nov. 6, 1939 NYU
23%
6 Oct. 18, 1943 Pacific
20%
13 Nov. 11, 1957 VMI
20%
20 Nov. 19, 1951 Bucknell
17%
9 Oct. 12, 1942 Colgate
17%
20 Nov. 20, 1950 Loyola Marymount
17%
13 Nov. 19, 1951 San Francisco
17%
17 Oct. 28, 1940 Detroit Mercy
6%
5 Oct. 9, 1944 Great Lakes Navy
6%
17 1940 Final Hardin-Simmons
6%
8 Nov. 13, 1944 March Field
6%
5 Oct. 24, 1938 Santa Clara
6%
18 1950 Final Washington & Lee
6%
6 1938 Final Carnegie Mellon
3%
8 1943 Final Del Monte Pre-Flight
3%
2 Nov. 13, 1944 Randolph Field
3%
16 Oct. 25, 1943 Colorado College
0%
13 1944 Final Norman Naval Air Station
0%
5 Nov. 12, 1945 Saint Mary's (CA)
0%
19 1944 Final Saint Mary's Pre-Flight
0%
No matching quizzes found
Score Distribution
Percent of People with Each Score
Percentile by Number Answered
Your Score History
You have not taken this quiz